书目信息 |
| 题名: |
推荐系统
|
|
| 作者: | 刘宏志 编著 | |
| 分册: | ||
| 出版信息: | 北京 机械工业出版社 2020.04 |
|
| 页数: | 172页 | |
| 开本: | 26cm | |
| 丛书名: | 普通高等教育人工智能与大数据系列教材 | |
| 单 册: | ||
| 中图分类: | TP301.6 | |
| 科图分类: | ||
| 主题词: | 计算机算法--ji suan ji suan fa--高等教育--教材 | |
| 电子资源: | ||
| ISBN: | 978-7-111-64938-0 | |
| 000 | 01088nam 2200277 450 | |
| 001 | 2068721901 | |
| 005 | 20201104190538.77 | |
| 010 | @a978-7-111-64938-0@dCNY39.00 | |
| 100 | @a20200522d2020 em y0chiy50 ea | |
| 101 | 0 | @achi |
| 102 | @aCN@b110000 | |
| 105 | @aa a 000yy | |
| 200 | 1 | @a推荐系统@Atui jian xi tong@f刘宏志编著 |
| 210 | @a北京@c机械工业出版社@d2020.04 | |
| 215 | @a172页@c图@d26cm | |
| 225 | 2 | @a普通高等教育人工智能与大数据系列教材@Apu tong gao deng jiao yu ren gong zhi neng yu da shu ju xi lie jiao cai |
| 312 | @a英文题名取自封面 | |
| 320 | @a有书目 (第164-172页) | |
| 330 | @a本书除了介绍推荐系统的一般框架、典型应用和评测方法之外, 主要还介绍各种典型推荐算法的思想、原理、算法设计和应用场景, 包括针对“千人千面”的个性化推荐和针对“千人万面”的情境化推荐。 | |
| 410 | 0 | @12001 @a普通高等教育人工智能与大数据系列教材 |
| 510 | 1 | @aRecommender systems@zeng |
| 606 | 0 | @a计算机算法@Aji suan ji suan fa@x高等教育@j教材 |
| 690 | @aTP301.6@v5 | |
| 701 | 0 | @a刘宏志@Aliu hong zhi@4编著 |
| 801 | 0 | @aCN@b人天书店@c20201024 |
| 905 | @aZUCC@dTP301.6@eL629 | |
| 推荐系统/刘宏志编著.-北京:机械工业出版社,2020.04 |
| 172页:图;26cm.-(普通高等教育人工智能与大数据系列教材) |
| ISBN 978-7-111-64938-0:CNY39.00 |
| 本书除了介绍推荐系统的一般框架、典型应用和评测方法之外, 主要还介绍各种典型推荐算法的思想、原理、算法设计和应用场景, 包括针对“千人千面”的个性化推荐和针对“千人万面”的情境化推荐。 |
| ● |
| 相关链接 |
|
|
|
正题名:推荐系统
索取号:TP301.6/L629
 
预约/预借
| 序号 | 登录号 | 条形码 | 馆藏地/架位号 | 状态 | 备注 |
| 1 | 1477857 | 214778579 | 自科库301/301自科库 45排5列5层/ [索取号:TP301.6/L629] | 在馆 | |
| 2 | 1477858 | 214778588 | 自科库301/301自科库 45排5列5层/ [索取号:TP301.6/L629] | 在馆 |